| 000 | 00783nam a2200193 4500 | ||
|---|---|---|---|
| 999 |
_c844 _d844 |
||
| 001 | 1198 | ||
| 005 | 20190912093740.0 | ||
| 008 | 190912b ||||| |||| 00| 0 eng d | ||
| 090 | 0 | 0 | _a342.07 E381d 2008 |
| 110 | _aElection Commission of Bhutan. | ||
| 245 | 0 | 0 |
_aའབྲུག་གི་བཙག་འཐུའི་བཅའ་ཁྲིམས་༢༠༠༧་ ཅན་མ། _bElection Act of the Kingdom of Bhutan, 2008 / _cElection Commission of Bhutan. |
| 246 | _aElection Act of the Kingdom of Bhutan, 2008. | ||
| 260 | 0 | 0 |
_aThimphu : _bElection Commission of Bhutan, _c2008. |
| 300 | 0 | 0 | _ax, 198 p. |
| 500 | _aElectronic copy available on RTC Cloud in "Library" folder | ||
| 500 | 0 | 0 | _aIn Dzongkha and English. |
| 650 | 0 | 0 | _aElection law --Bhutan. |
| 942 |
_2ddc _cDZONGKHA |
||